000 00223nam a2200109Ia 4500
003 GCL
008 140319s9999 xx 000 0 ara d
040 _aGCL /
_cGCL
082 0 4 _aameter(s) passed
245 1 0 _a?
300 _aTA\
999 _c25751
_d25751